| 000 | 01008nam a22002897a 4500 | ||
|---|---|---|---|
| 003 | CHAP | ||
| 005 | 20220329134806.0 | ||
| 008 | 971013s1974 r 10010 d | ||
| 010 | _a25990 | ||
| 011 | _a26962 | ||
| 035 | _a31063 | ||
| 040 | _cCHAP | ||
| 082 |
_a636.08 _bI59 1974 |
||
| 111 | 0 | 0 |
_aInternational Livestock Environment Symposium ( _d1974 _c: Lincoln, Nebraska) _959742 |
| 245 | _aProceedings | ||
| 260 |
_aSt. Joseph, Mich. : _bAmerican Society of Agricultural Engineers, _c1974 |
||
| 300 |
_a429 p. _b: ilus. ; gráfs |
||
| 490 |
_aSpecial publication _v; SP-0174 |
||
| 590 |
_aBATCH-UPD _b10 _c20130110 _lUCH01 _h1559 |
||
| 590 |
_aCONVERSION _b10 _c20130109 _lUCH01 _h1315 |
||
| 650 | 1 | 4 |
_aGanado _xEfecto del medio ambiente. _944907 |
| 830 | 0 |
_aSpecial publication _v; SP-0174 _9109152 |
|
| 901 | _aBK | ||
| 942 | _cLIBRO | ||
| 949 |
_a636.08 I59 1974 _bBC _cLIBRO _d33724000260220 _eLIBRO _fc.2 _h50985 _i31063 _si |
||
| 949 |
_a636.08 I59 1974 _bBC _cLIBRO _d33724000260238 _eLIBRO _h32730 _i31063 _si |
||
| 999 |
_c25990 _d25990 |
||